Top Wheat-Producing Countries of 2012 - Statistics

General Stats
  • This quiz has been taken 527 times
  • The average score is 13 of 15
Answer Stats
Million metric tons of wheat produced Country % Correct
62 United States
99%
675 China
98%
13 United Kingdom
97%
38 Russia
95%
27 Canada
93%
22 Germany
93%
95 India
93%
40 France
92%
30 Australia
83%
16 Ukraine
83%
20 Turkey
75%
11 Argentina
74%
24 Pakistan
71%
14 Iran
70%
13 Kazakhstan
57%
No matching quizzes found
Score Distribution
Percent of People with Each Score
Percentile by Number Answered
Your Score History
You have not taken this quiz